000 00638nam a2200229Ia 4500
003 OSt
005 20220926044308.0
006 a|||||r|||| 00| 0
007 ta
008 220923b |||||||| |||| 00| 0 eng d
037 _cGeneral Book
040 _aRTL
_cRTL
_beng
041 _2eng
_aeng
082 _aX9::5962.N5, J0
110 _aNetherlands Economic Information Service.
_9348784
245 0 _aNetherlands industry.
260 _c1950
650 _aIndustrial Economics
700 _aNetherlands Economic Information Service.
_9348785
942 _hX9::5962.N5, J0
_cGB
_2CC
999 _c674451
_d674451